| 000 | 00672cam a22002292 4500 | ||
|---|---|---|---|
| 001 | 0000005143 | ||
| 005 | 20151217151953.0 | ||
| 008 | 070606s xx 000 0 eng d | ||
| 020 | _a0408014075 : | ||
| 040 |
_aKABU _cKABU |
||
| 050 | 0 |
_aTD795.7 _b.C73 |
|
| 100 | 1 |
_aCrawford, John F. _@0000156265 |
|
| 245 | 1 | 0 |
_aLandfill technology / _cJohn F. Crawford and Paul Smith. |
| 260 |
_aLondon : _bButterworths, _c1985. |
||
| 300 | _a159 p. | ||
| 650 | 0 |
_aSanitary landfills. _@0000156266 |
|
| 650 | 0 |
_aSanitary engineering. _@0000156201 |
|
| 700 | 1 |
_aSmith, Paul. _@0000156267 |
|
| 908 | _a070606 | ||
| 950 | _@1 | ||
| 999 |
_c6866 _d6866 |
||